La tradición política norteamericana y los hombres que la forjaron

保存先:
書誌詳細
第一著者: Hofstadter, Richard (著者)
フォーマット: 図書
言語:スペイン語
出版事項: Barcelona Seix Barral 1969
シリーズ:Biblioteca Breve de Bolsillo, 31
主題:
タグ: タグ追加
タグなし, このレコードへの初めてのタグを付けませんか!

MARC

LEADER 00000nam a2200000 a 4500
001 UCR3866
003 CL-VaPUC
008 980130e19690000SP |||||||||||||||||spa|d
082 0 4 |a 320.973  |b HOF  |2 21 
100 |a Hofstadter, Richard  |e author  |9 452725 
245 1 3 |a La tradición política norteamericana y los hombres que la forjaron 
300 |a 477 p 
942 |c BK 
945 |d 19980130 00:00:00  |a aolguin 
260 |a Barcelona  |b Seix Barral  |c 1969 
600 0 |a Jefferson, Thomas  |d 1743-1826  |9 719853 
600 0 7 |a JACKSON, ANDREW  |2 CL-VaPUC  |9 376307 
600 0 7 |a CALHOUN, JOHN C  |2 CL-VaPUC  |9 376308 
600 0 |a Lincoln, Abraham,  |d 1809-1865  |9 321765 
600 0 7 |a PHILLIPS, WENDELL  |2 CL-VaPUC  |9 376309 
600 0 7 |a BRYAN, WILLIAM JENNINGS  |2 CL-VaPUC  |9 376310 
600 0 7 |a ROOSEVELT, THEODORE  |2 CL-VaPUC  |9 373980 
600 0 7 |a WILSON, WOODROW  |2 CL-VaPUC  |9 376311 
600 0 7 |a HOOVER, HERBERT  |2 CL-VaPUC  |9 376312 
600 0 7 |a ROOSEVELT, FRANKLIN D  |2 CL-VaPUC  |9 381949 
650 0 |a Política  |9 255312 
650 7 |a TEORIA POLITICA  |2 CL-VaPUC  |9 403265 
650 7 |a SISTEMAS POLITICOS  |2 CL-VaPUC  |9 403266 
650 0 |a Doctrinas políticas  |9 255835 
650 0 |a Capitalismo  |9 255255 
650 0 |a Democracia  |9 255256 
650 0 |a Liberalismo  |9 255715 
651 0 |a Estados Unidos  |9 255178 
583 |a last modification  |c 19980130 00:00:00  |k Rodrigo Vera 
490 0 |a Biblioteca Breve de Bolsillo, 31 
999 |c 266885  |d 266883 
952 |0 0  |1 0  |4 0  |6 320_973000000000000_HOF_1969  |7 0  |8 P  |9 298906  |a BIBDER  |b BIBDER  |d 2019-11-20  |i 1944622  |o 320.973 HOF 1969  |p 1944622  |r 2023-01-25  |w 2019-11-20  |y BK  |k DER